| 000 | 00674nam a22002052 4500 | ||
|---|---|---|---|
| 001 | 0000023688 | ||
| 005 | 20151217152246.0 | ||
| 008 | 130318s xx 000 0 eng d | ||
| 020 | _a8132107507 : | ||
| 040 |
_aKABU _cKABU |
||
| 100 | 1 |
_aSnyder, C. R. _@0000183333 |
|
| 245 | 1 | 0 |
_aPositive psychology : _bthe scientific and practical explorations of human strengths / _cC. R. Snyder, Shane J. Lopez, Jennifer Teramoto Pedrotti. |
| 250 | _a2nd ed. | ||
| 260 |
_aLondon : _bSAGE, _c2011. |
||
| 300 | _axxvi, 588 p. | ||
| 650 | 0 |
_aPositive psychology. _@0000183334 |
|
| 852 | 1 | _9p2500 KES | |
| 908 | _a130318 | ||
| 950 | _@1 | ||
| 999 |
_c9931 _d9931 |
||